00253nam a22001097a 4500008004100000020001800041041000800059080001000067100000700077101000800084245005100092181102b xxu||||| |||| 00| 0 eng d a9780393703672 aeng a159.9 a49 aPSI aThe Neuroscience of PsychotherapycCozolino, L